Statistics for Top 10 NBA Shot Blockers of All-Time

Click here to take the quiz!

General Stats

  • This quiz has been taken 15 times
  • The average score is 5 of 10

Answer Stats

RankAnswer% Correct
4Hakeem Olajuwon
87%
1Bill Russell
67%
5Dikembe Mutombo
67%
2Wilt Chamberlain
67%
6Mark Eaton
60%
7Manute Bol
53%
8Patrick Ewing
47%
9Alonzo Mourning
27%
10Tim Duncan
27%
3Nate Thurmond
0%

Score Distribution

Percentile by Number Answered

Percent of People with Each Score

Your Score History

You have not taken this quiz